|
|
|
|
| LEADER |
03522nam a22004338i 4500 |
| 001 |
39382 |
| 003 |
BD-DhAAL |
| 005 |
20220817101708.0 |
| 008 |
201104s2022 nju b 001 0 eng |
| 999 |
|
|
|c 44106
|d 44106
|
| 010 |
|
|
|a 2020049697
|
| 020 |
|
|
|a 1292409487
|
| 020 |
|
|
|a 9781292409481
|
| 020 |
|
|
|a 9780136894353
|
| 040 |
|
|
|a DLC
|b eng
|e rda
|c DLC
|d BD-DhAAL
|
| 042 |
|
|
|a pcc
|
| 050 |
0 |
0 |
|a HG173
|b .M632 2022
|
| 082 |
0 |
0 |
|a 332
|2 23
|
| 100 |
1 |
|
|a Mishkin, Frederic S.,
|e author.
|9 50890
|
| 245 |
1 |
4 |
|a The economics of money, banking, and financial markets /
|c Frederic S. Mishkin.
|
| 250 |
|
|
|a Thirteenth edition.
|
| 263 |
|
|
|a 2103
|
| 264 |
|
1 |
|a Harlow, England :
|b Pearson,
|c 2022.
|
| 300 |
|
|
|a 718 pages :
|b illustrations ;
|c 26 cm.
|
| 504 |
|
|
|a Includes bibliographical references and index.
|
| 505 |
0 |
|
|a Introduction -- Why study money, banking, and financial markets? -- An overview of the financial system -- What Is money -- Financial markets -- The meaning of interest rates -- The behavior of interest rates -- The risk and term structure of interest rates -- The stock market, the theory of rational expectations, and the efficient market hypothesis -- Financial institutions -- An economic analysis of financial structure -- Banking and the management of financial institutions -- Economic analysis of financial regulation -- Banking industry: structure and competition -- Financial crises -- Central banking and the conduct of monetary policy -- Central banks and the federal reserve system -- The money supply process -- Tools of monetary policy -- The conduct of monetary policy: strategy and tactics -- International finance and monetary policy -- The foreign exchange market -- The international financial system -- Monetary theory -- Quantity theory, Inflation, and the demand for money -- The IS curve -- The monetary policy and aggregate demand curves -- Aggregate demand and supply analysis -- Monetary policy theory -- The role of expectations in monetary policy -- Transmission mechanisms of monetary policy.
|
| 520 |
|
|
|a "A college economics textbook for general and business students specializing in money, banking, and financial markets"--
|
| 526 |
|
|
|a ESS
|
| 541 |
|
|
|a Book Finder International
|e 39382, 39383, 39384, 39385, 39386
|
| 650 |
|
0 |
|a Finance.
|9 50891
|
| 650 |
|
0 |
|a Money.
|9 50892
|
| 650 |
|
0 |
|a Banks and banking.
|9 50893
|
| 852 |
|
|
|a Ayesha Abed Library
|c General Stacks
|
| 942 |
|
|
|2 ddc
|c BK
|
| 952 |
|
|
|0 0
|1 0
|2 ddc
|4 0
|6 332_000000000000000_MIS
|7 0
|9 71389
|a BRACUL
|b BRACUL
|c GEN
|d 2022-07-28
|e Book Finder International
|g 5949.32
|l 9
|m 118
|o 332 MIS
|p 3010039383
|q 2026-06-02
|r 2026-02-02
|s 2026-02-02
|t 2
|v 5949.32
|w 2022-07-28
|y BK
|
| 952 |
|
|
|0 0
|1 0
|2 ddc
|4 0
|6 332_000000000000000_MIS
|7 0
|9 71390
|a BRACUL
|b BRACUL
|c GEN
|d 2022-07-28
|e Book Finder International
|g 5949.32
|l 6
|m 49
|o 332 MIS
|p 3010039384
|r 2026-05-20
|s 2026-02-23
|t 3
|v 5949.32
|w 2022-07-28
|y BK
|
| 952 |
|
|
|0 0
|1 0
|2 ddc
|4 0
|6 332_000000000000000_MIS
|7 0
|9 71391
|a BRACUL
|b BRACUL
|c GEN
|d 2022-07-28
|e Book Finder International
|g 5949.32
|l 10
|m 117
|o 332 MIS
|p 3010039386
|r 2026-05-18
|s 2026-02-05
|t 5
|v 5949.32
|w 2022-07-28
|y BK
|
| 952 |
|
|
|0 0
|1 0
|2 ddc
|4 0
|6 332_000000000000000_MIS
|7 0
|9 71392
|a BRACUL
|b BRACUL
|c GEN
|d 2022-07-28
|e Book Finder International
|g 5949.32
|l 14
|m 86
|o 332 MIS
|p 3010039385
|r 2026-05-18
|s 2026-05-04
|t 4
|v 5949.32
|w 2022-07-28
|y BK
|
| 952 |
|
|
|0 0
|1 0
|2 ddc
|4 0
|6 332_000000000000000_MIS
|7 0
|9 71393
|a BRACUL
|b BRACUL
|c GEN
|d 2022-07-28
|e Book Finder International
|g 5949.32
|l 7
|m 80
|o 332 MIS
|p 3010039382
|r 2026-05-21
|s 2026-02-03
|t 1
|v 5949.32
|w 2022-07-28
|y BK
|